Statystyki dla TOP 10 najsławniejszych gier

Kliknij tutaj aby rozwiązać quiz!

Ogólne statystyki

  • Ten quiz został rozwiązany 91 razy
  • Średni wynik to 1 z 10

Statystyki odpowiedzi

ocenaOdpowiedź% Poprawnych
9.8Wiedźmin 3
75%
9.6Grand Theft Auto V
46%
9.4Red Dead Redemption 2
17%
9.7Happy's Humble Burger Farm
7%
9.6Deep Diving Simulator
0%
9.7flashout 2
0%
9.7Flashout 3D
0%
9.5Pathologic 2
0%
9.7realpolitiks
0%
9.8sludge live
0%

Rozkład punktacji

Percentyl według liczby udzielonych odpowiedzi

Procent ludzi z każdym wynikiem

Twoja historia wyników

Nie rozwiązałeś tego quizu